000 00604nam a22001817a 4500
005 20251108171821.0
008 250721s1987 xx 000 0 ara d
082 1 4 _aم/213/منذ
100 1 _aالمنذري، عبد العظيم بن عبد القوي
245 1 0 _aالترغيب و الترهيب من الحديث الشريف /
264 1 _aالقاهره :
_bدار الحديث،
_c1987.
300 _a
650 1 7 _aالدين الإسلامي
650 1 7 _aالحديث النبوي
700 1 _aعماره، مصطفى محمد
_eتحقيق
942 _2ddc
_cREF
999 _c63354
_d63354